| 000 -ლიდერი |
| ფიქსირებული სიგრძის საკონტროლო ველი |
01526nam a2200253Ia 4500 |
| 001 - საკონტროლო ნომერი |
| საკონტროლო ველი |
17209 |
| 003 - საკონტროლო ნომრის იდენტიფიკატორი |
| საკონტროლო ველი |
GE_BSU |
| 005 - ბოლო ოპერაციის თარიღი და დრო |
| საკონტროლო ველი |
20200204131547.0 |
| 008 - ფიქსირებული სიგრძის მონაცემთა ელემენტები - ზოგადი ინფორმაცია |
| ფიქსირებული სიგრძის საკონტროლო ველი |
181216s2015ge xx |||||||||||||| ||geo|| |
| 020 ## - წიგნის საერთაშორისო სტანდარტული ნომერი |
| International Standard Book Number |
9789941134470 |
| 040 ## - კატალოგიზაციის წყარო |
| Transcribing agency |
GE_BSU |
| 041 ## - ენის კოდი |
| Language code of text/sound track or separate title |
geo |
| 080 ## - უნივერსალური ათობითი კლასიფიკაციის ინდექსი |
| Universal Decimal Classification number |
910.4(479.22) ხ-25 |
| 100 ## - მთავარი ჩანაწერი - პიროვნების სახელი |
| Personal name |
ხარაძე, კობა. |
| 9 (RLIN) |
6756 |
| 245 ## - ცნობა სათაურის შესახებ |
| Title |
დიდი მამულიშვილის ღირსეული ღვაწლი : აკადემიკოსი ალექსანდრე ჯავახიშვილი : |
| Remainder of title |
THE GREAT MERIT OF THE DISTINGUISHED PATRIOT:ACADEMICIAN ALEKSANDRE JAVAKISHVILII / |
| Statement of responsibility, etc |
კობა ხარაძე ; რედ : დალი ნიკოლაიშვილი ; დავით სართანია. |
| 264 ## - წარმოების, გამოცემის, დისტრიბუციის და სხვა ცნობები |
| გამოცემის, წარმოების, დისტრიბუციის... ადგილი |
თბილისი : |
| გამოცემის, წარმოების, დისტრიბუციის... სახელწოდება |
ივანე ჯავახიშვილის სახ.თბილ.უნიტ-ის გამ-ბა, |
| გამოცემის, წარმოების, დისტრიბუციის... თარიღი |
2015. |
| 300 ## - ფიზიკური აღწერა |
| Extent |
395 გვ .: |
| Dimensions |
24 სმ. |
| 600 ## - SUBJECT ADDED ENTRY--PERSONAL NAME |
| Personal name |
წიგი ეძღვნება აკადემიკოს ალექსანდრე ჯავახიშვილის დაბადების 140წლის იუბილეს. |
| 9 (RLIN) |
6757 |
| 653 ## - INDEX TERM--UNCONTROLLED |
| Uncontrolled term |
გეოგრაფია |
| 653 ## - INDEX TERM--UNCONTROLLED |
| Uncontrolled term |
გეოგრაფიის ისტორია |
| 700 ## - ADDED ENTRY--PERSONAL NAME |
| Personal name |
ნიკოლაიშვილი, დალი |
| Relator term |
რედაქტორი |
| 9 (RLIN) |
4827 |
| 700 ## - ADDED ENTRY--PERSONAL NAME |
| Personal name |
სართანია, დავით |
| 9 (RLIN) |
6758 |
| 942 ## - ADDED ENTRY ELEMENTS (KOHA) |
| Koha item type |
წიგნი |
| Source of classification or shelving scheme |
|